[Event "Mittelrhein Regionalliga 1718"]
[Site "Nordrheinwestfalen"]
[Date "2018.02.04"]
[Round "6.4"]
[White "Lindam, Ingo"]
[Black "Dietz, Jonas"]
[Result "1-0"]
[WhiteElo "2067"]
[BlackElo "1931"]
[PlyCount "49"]
[EventDate "2017.09.10"]
[EventType "team-tourn"]
[EventRounds "9"]
[EventCountry "GER"]
[SourceTitle "EXT 2022"]
[Source "ChessBase"]
[SourceDate "2021.10.06"]
[SourceVersion "1"]
[SourceVersionDate "2021.10.06"]
[SourceQuality "1"]
[WhiteTeam "Koeln Lasker"]
[BlackTeam "Wuerselen"]
[WhiteTeamCountry "GER"]
[BlackTeamCountry "GER"]

1. d4 d5 2. Nf3 Nf6 3. c4 dxc4 4. e3 e6 5. Bxc4 c5 6. 0-0 a6 7. a4 Nc6 8. Qe2 Bd6 9. e4 Be7 10. d5 exd5 11. exd5 Nb4 12. Rd1 0-0 13. d6 Bxd6 14. Bf4 Bxf4 15. Rxd8 Rxd8 16. Nc3 Re8 17. Bxf7+ Kxf7 18. Qc4+ Be6 19. Qxf4 Nd3 20. Qc7+ Re7 21. Ng5+ Kf8 22. Qd6 Bf5 23. g4 Bg6 24. f4 c4 25. Ne6+ 1-0

[Event "Mittelrhein Verbandsliga-W 16/17"]
[Site "Nordrheinwestfalen"]
[Date "2016.10.02"]
[Round "2.8"]
[White "Dietz, Jonas"]
[Black "Krug, Franz Dieter"]
[Result "1-0"]
[WhiteElo "1770"]
[BlackElo "1386"]
[PlyCount "63"]
[EventDate "2016.09.11"]
[EventType "team-tourn"]
[EventRounds "11"]
[EventCountry "GER"]
[SourceTitle "EXT 2022"]
[Source "ChessBase"]
[SourceDate "2021.10.06"]
[SourceVersion "1"]
[SourceVersionDate "2021.10.06"]
[SourceQuality "1"]
[WhiteTeam "Wuerselen II"]
[BlackTeam "Alsdorf SVG"]
[WhiteTeamCountry "GER"]
[BlackTeamCountry "GER"]

1. e4 e5 2. Nf3 d6 3. d4 exd4 4. Nxd4 Nd7 5. Bc4 Ne5 6. Bb3 a6 7. a4 c5 8. Ne2 Bg4 9. h3 Bh5 10. Bd5 Rb8 11. Nbc3 Nf6 12. 0-0 h6 13. f4 Bxe2 14. Qxe2 Nc6 15. Bxc6+ bxc6 16. e5 dxe5 17. Qxe5+ Be7 18. Rd1 Qc8 19. Be3 0-0 20. Qxe7 Rxb2 21. Bxc5 Rxc2 22. Qxf8+ Qxf8 23. Bxf8 Kxf8 24. Rac1 Rb2 25. Rd6 Rb6 26. Ne2 Rb2 27. Ng3 Ra2 28. Rcxc6 Rxa4 29. Rxa6 Rc4 30. Nf5 Rxf4 31. Rxf6 gxf6 32. Ra8# 1-0

[Event "Mittelrhein Verbandsliga-W 15/16"]
[Site "Nordrheinwestfalen"]
[Date "2015.09.27"]
[Round "2.8"]
[White "Dietz, Jonas"]
[Black "Bausch, Bernd"]
[Result "1/2-1/2"]
[WhiteElo "1734"]
[BlackElo "1789"]
[PlyCount "54"]
[EventDate "2015.09.06"]
[EventType "team-tourn"]
[EventRounds "11"]
[EventCountry "GER"]
[SourceTitle "EXT 2022"]
[Source "ChessBase"]
[SourceDate "2021.10.06"]
[SourceVersion "1"]
[SourceVersionDate "2021.10.06"]
[SourceQuality "1"]
[WhiteTeam "Wuerselen II"]
[BlackTeam "Lendersdorf"]
[WhiteTeamCountry "GER"]
[BlackTeamCountry "GER"]

1. b3 e5 2. Bb2 Nc6 3. e3 Nf6 4. Bb5 d6 5. d4 Bd7 6. dxe5 dxe5 7. Nf3 Bb4+ 8. c3 Bd6 9. 0-0 e4 10. Nd4 Bxh2+ 11. Kh1 Bd6 12. Nxc6 bxc6 13. Be2 Ng4 14. g3 h5 15. Kg2 Qg5 16. Qd4 Nf6 17. Nd2 Qg6 18. Rh1 c5 19. Qc4 h4 20. Nf1 0-0-0 21. Rd1 Ng4 22. Qa6+ Kb8 23. Bb5 Bc8 24. Qa4 Bb7 25. Bc6 Bxc6 26. Qxc6 Nxf2 27. Qb5+ Ka8 1/2-1/2

[Event "Maastricht Limburg op-B 9th"]
[Site "Maastricht"]
[Date "2015.05.25"]
[Round "6"]
[White "Fortenbacher, Florian"]
[Black "Dietz, Jonas"]
[Result "1-0"]
[WhiteElo "1678"]
[BlackElo "1744"]
[PlyCount "57"]
[EventDate "2015.05.22"]
[EventType "swiss"]
[EventRounds "7"]
[EventCountry "NED"]
[SourceTitle "EXT 2016"]
[Source "ChessBase"]
[SourceDate "2015.10.08"]
[SourceVersion "1"]
[SourceVersionDate "2015.10.08"]
[SourceQuality "1"]

1. e4 e6 2. Nf3 d5 3. Nc3 dxe4 4. Nxe4 Nf6 5. Nxf6+ Qxf6 6. d4 h6 7. Bd3 Bd6 8. 0-0 0-0 9. c3 Bd7 10. Re1 Nc6 11. Bd2 Kh8 12. Qc1 Rfe8 13. Ng5 Bf8 14. Ne4 Qe7 15. Bf4 Qd8 16. Ng3 g5 17. Bd2 f5 18. Qd1 Qf6 19. Qf3 Rab8 20. Ne2 Ne7 21. c4 Bg7 22. Bc3 Qf7 23. g4 Bc6 24. Qh3 f4 25. d5 exd5 26. Qxh6+ Kg8 27. Qxg5 dxc4 28. Bxc4 Bd5 29. Bxd5 1-0

[Event "Mittelrhein Verbandsliga-W 1112"]
[Site "Germany"]
[Date "2011.09.18"]
[Round "1.8"]
[White "Kuhn, Andreas"]
[Black "Dietz, Jonas"]
[Result "1-0"]
[WhiteElo "1520"]
[BlackElo "1524"]
[PlyCount "111"]
[EventDate "2011.09.18"]
[EventType "team-tourn"]
[EventRounds "11"]
[EventCountry "GER"]
[SourceTitle "EXT 2013"]
[Source "ChessBase"]
[SourceDate "2012.11.22"]
[SourceVersion "1"]
[SourceVersionDate "2012.11.22"]
[SourceQuality "1"]
[WhiteTeam "Brauweiler Rochade"]
[BlackTeam "Wuerselen II"]
[WhiteTeamCountry "GER"]
[BlackTeamCountry "GER"]

1. e4 e6 2. d4 d5 3. Nc3 Bb4 4. e5 c5 5. a3 Bxc3+ 6. bxc3 Nc6 7. Qg4 g6 8. Bb5 Nge7 9. Bg5 Bd7 10. Bxc6 Bxc6 11. Bf6 Rg8 12. Qh3 h5 13. Ne2 Bb5 14. Qe3 Qa5 15. 0-0 Nf5 16. Qf3 Bxe2 17. Qxe2 cxd4 18. cxd4 Nxd4 19. Qd3 Qc5 20. Rab1 b6 21. c3 Nc6 22. Qa6 Na5 23. Rb5 Qc8 24. Rxa5 bxa5 25. Qxa5 Rb8 26. Qxa7 Qb7 27. Qa4+ Qd7 28. Qd4 Rb7 29. Qc5 Rc7 30. Qb4 Rb7 31. Qa5 Rb8 32. a4 Qc6 33. Qa7 Qb7 34. Qc5 Kd7 35. Qe7+ Kc8 36. Qa3 Qc7 37. Be7 Rb7 38. Bd6 Qc6 39. a5 Qa6 40. c4 Kd7 41. cxd5 exd5 42. Rc1 Ra8 43. Bf8 Kd8 44. Bg7 Rab8 45. Qf8+ Kd7 46. Qxf7+ Kd8 47. Bf6+ Qxf6 48. Qxf6+ Ke8 49. Qxg6+ Kf8 50. Qd6+ Ke8 51. Qxd5 Rb1 52. Qd1 R1b5 53. Qxh5+ Ke7 54. Qh7+ Ke6 55. f4 Rxa5 56. Qg6+ 1-0